Datum a čas kvízu
27
Celkem bodů
Celkový počet nahraných bodů na tomto kvízu bez doplňovacích otázek.
5.
Pořadí na kvízu
Konečné umístění týmu na tomto kvízu.
Zaznamenané odpovědi
| # | Otázka | Odpověď | Body | Výsledky |
|---|---|---|---|---|
| 1. | Moderátor jednoho rádia nabíze... | Michal Kavalčík / Ruda z Ostravy | 1 | |
| 2. | Turistům se minulý týden uzavř... | Uluru (Ayers Rock) | 0 | |
| 3. | Jednašedesátiletý Brit Bruce D... | Iron Maiden | 0 | |
| 4. | Před měsícem vzbudila rozruch... | 1 | ||
| 5. | Minulý týden bylo oznámeno, že... | Fernando Alonso | 0 | |
| 6. | Druhý díl naší cesty kolem svě... | Srí Lanka (do r. 1972 Cejlon) | 0 | |
| 7. | Pokračujeme dále do jihovýchod... | Thajsko | 1 | |
| 8. | Další dvě otázky budou patřit... | 2. největší | 0 | |
| 9. | Jakou barvou je přibližně vyz... | žlutou barvou | 0 | |
| 10. | Dnešní putování zakončíme v Mo... | z kobylího mléka | 0 |